Punishing children: the manufacture of criminal careers in Hellion town

Guardado en:  
Detalles Bibliográficos
Autor principal: Ruggiero, Vincenzo (Autor)
Tipo de documento: Print Artículo
Lenguaje:Inglés
Publicado: 1997
En: Theoretical criminology
Año: 1997, Volumen: 1, Número: 3, Páginas: 341-361
Verificar disponibilidad: HBZ Gateway
Palabras clave:

MARC

LEADER 00000caa a22000002c 4500
001 1640084924
003 DE-627
005 20220608131043.0
007 tu
008 160223s1997 xx ||||| 00| ||eng c
035 |a (DE-627)1640084924 
035 |a (DE-576)456048707 
035 |a (DE-599)BSZ456048707 
040 |a DE-627  |b ger  |c DE-627  |e rakwb 
041 |a eng 
100 1 |a Ruggiero, Vincenzo  |4 aut 
245 1 0 |a Punishing children: the manufacture of criminal careers in Hellion town  |c Vincenzo Ruggiero 
264 1 |c 1997 
336 |a Text  |b txt  |2 rdacontent 
337 |a ohne Hilfsmittel zu benutzen  |b n  |2 rdamedia 
338 |a Band  |b nc  |2 rdacarrier 
773 0 8 |i In  |t Theoretical criminology  |d London : Sage, 1997  |g 1(1997), 3, Seite 341-361  |w (DE-627)216376157  |w (DE-600)1338484-3  |w (DE-576)058070303  |x 1362-4806  |7 nnas 
773 1 8 |g volume:1  |g year:1997  |g number:3  |g pages:341-361 
776 1 |o 10.1177/1362480697001003004 
935 |a mkri 
951 |a AR 
ELC |b 1 
LOK |0 000 xxxxxcx a22 zn 4500 
LOK |0 001 330138708X 
LOK |0 003 DE-627 
LOK |0 004 1640084924 
LOK |0 005 20250407091159 
LOK |0 008 160208||||||||||||||||ger||||||| 
LOK |0 040   |a DE-21-110  |c DE-627  |d DE-21-110 
LOK |0 689   |a s  |a Jugendliche 
LOK |0 689   |a g  |a England 
LOK |0 689   |a s  |a Mehrfachtäter 
LOK |0 689   |a s  |a Etikettierung 
LOK |0 689   |a s  |a Jugendgewalt 
LOK |0 689   |a s  |a Verschärfungstendenzen 
LOK |0 689   |a s  |a Jugendgerichtshilfe 
LOK |0 689   |a s  |a Jugendstrafrecht 
LOK |0 689   |a s  |a Jugendstrafvollzug 
LOK |0 852   |a DE-21-110 
LOK |0 852 1  |m p  |9 00 
LOK |0 935   |a k110 
LOK |0 938   |k p 
LOK |0 939   |a 08-02-16  |b l01 
ORI |a SA-MARC-krimdoka001.raw